Clic Les pseudonymes des auteurs de BD - Statistiques

Statistiques générales
  • Ce quiz a été pris 18 fois
  • Le résultat moyen est 14 sur 30
Statistiques - réponses
Hint Explanation Réponse % Correct
Jijé Blondin et Cirage, Les Aventures de Jean Valhardi, Jerry Spring, Don Bosco, ami des jeunes, Les Aventures de Tanguy et Laverdure Joseph Gillain
85%
Hergé Les Aventures de Tintin, Quick et Flupke, Les Aventures de Jo, Zette et Jocko, Popol et Virginie au pays des Lapinos Georges Rémi
77%
Jidéhem Ginger, Starter, Sophie Jean De Mesmaeker
77%
Roba Boule et Bill, La Ribambelle Jean Roba
77%
Morris Lucky Luke Maurice de Bevere
77%
Bob de Moor Barelli, Cori le Moussaillon, Johan et Stefan, Monsieur Tric Robert Frans Marie De Moor
77%
William Vance XIII, Howard Flynn, Bruno Brazil, Bob Morane, Ramiro William Van Cutsem
77%
Ferry Ian Kalédine Fernand Van Vosselen
69%
Franz Jugurtha, Lester Cockney, Thomas Noland, Poupée d'ivoire, Gord Franz Drappier
69%
Lambil Buddy Longway, Les Tuniques bleues, Hobby et Koala Willy Lambillotte
69%
Hermann Bernard Prince, Comanche, Jugurtha, Jeremiah, Nic Hermann Huppen
62%
Jef Nys Gil et Jo Jozef Nys
62%
Dupa Cubitus, Niky Luc Dupanloup
62%
Bédu Hugo, Clifton, Les Psy Bernard Dumont
54%
Glem Les Voraces Gérard Lemaire
54%
Berck Strapontin, Rataplan, Mulligan, Sammy, Lou Arthur Berckmans
46%
Janry Le Petit Spirou, Spirou et Fantasio Jean-Richard Geurts
46%
René Sterne Adler René Vanpijperzeele
46%
Gos Le Scrameustache, Gil Jourdan, Natacha, Les Schtroumpfs Roland Goossens
46%
Godi L'Élève Ducobu Bernard Godisiabois
38%
Peyo Les Schtroumpfs, Johan et Pirlouit, Benoît Brisefer, Jacky et Célestin, Poussy Pierre Culliford
31%
De Marck Les voyages d'Alix Marc Daniëls
23%
Midam Kid Paddle, Game Over, Grrreeny Michel Ledent
23%
Turk Léonard, Robin Dubois Philippe Liégeois
15%
Clarke Mélusine Frédéric Seron
8%
Mittéï Natacha Jean Mariette
8%
Tenas Onkr, l'abominable homme des glaces Louis Santels
8%
Walli Modeste et Pompon, Gil Sinclair André Van Der Elst
0%
Laudec Cédric Antonio de Luca
0%
Greg Achille Talon, Comanche, Bruno Brazil, Bernard Prince Michel Regnier
0%
Aucun quiz correspondant
Distribution des résultats
% des personnes avec chaque résultat
Percentile par nombre de réponses
Votre historique - résultats
Vous n’avez pas pris ce quiz